|
|
|
|
| LEADER |
00000nab a2200000 ar4500 |
| 001 |
vtls010113522 |
| 003 |
SK-MaSNL |
| 005 |
20260305042739.0 |
| 008 |
100709c2010 xo mr|p||| |000 b|slo |
| 015 |
|
|
|a SNBRB2010/07
|
| 038 |
|
|
|a SPK
|
| 040 |
|
|
|a SPKCL
|b slo
|c AACR2
|e AACR2
|
| 041 |
0 |
|
|a slo
|
| 044 |
|
|
|a xo
|c SK
|
| 072 |
|
7 |
|a 374
|x Výchova a vzdelávanie dospelých. Mimoškolská výchova a vzdelávanie
|2 konspekt
|
| 072 |
|
7 |
|a 373.2/.3
|x Predškolská a primárna výchova a vzdelávanie
|2 konspekt
|
| 080 |
|
|
|a 371.14
|2 2001
|
| 080 |
|
|
|a 373.2
|2 2001
|
| 100 |
1 |
|
|a Lehotayová, Blanka,
|d 1967-
|4 aut
|9 350409
|
| 245 |
1 |
0 |
|a Vzdelávanie pedagogických zamestnancov materských škôl ako súčasť reformy vzdelávania
|c Blanka Lehotayová
|
| 300 |
|
|
|b Fotogr.
|
| 650 |
0 |
7 |
|a školské reformy
|2 snkbucl
|9 50060
|
| 650 |
0 |
7 |
|a vzdelávanie učiteľov
|2 snkbucl
|9 4031
|
| 650 |
0 |
7 |
|a vzdelávacie programy
|2 snkbucl
|9 4069
|
| 650 |
0 |
7 |
|a projekty
|2 snkbucl
|9 18866
|
| 650 |
0 |
7 |
|a materské školy
|2 snkbucl
|9 1278
|
| 773 |
0 |
|
|t Pán učiteľ
|g Roč. 3, č. 7 (2010), s. 24-25
|x 1336-7161
|
| 852 |
|
|
|a SPK
|b KIS3GCP
|
| 999 |
|
|
|c 3350849
|d 3352779
|